Name the numbers of the Montreal Canadiens - Statistiques

Statistiques générales
  • Ce quiz a été pris 25 fois
  • Le résultat moyen est 21 sur 24
Statistiques - réponses
Par images Réponse % Correct
13
100%
14
100%
20
94%
8
94%
93
94%
11
88%
15
88%
17
88%
21
88%
45
88%
48
88%
72
88%
76
88%
85
88%
24
82%
35
82%
47
82%
71
82%
75
82%
77
82%
91
76%
92
76%
53
71%
90
65%
Aucun quiz correspondant
Distribution des résultats
% des personnes avec chaque résultat
Percentile par nombre de réponses
Votre historique - résultats
Vous n’avez pas pris ce quiz